Statistics for Once Upon A Time Season 4 Trivia

Click here to take the quiz!

General Stats

  • This quiz has been taken 323 times
  • The average score is 10 of 22

Answer Stats

EpisodeQuestionAnswer% Correct
A Tale of Two SistersWho finds themselves lost in Storybrooke?Elsa
93%
The ApprenticeWho does Emma ask out on a real first date?Hook
88%
LilyWho leaves Storybrooke with Regina to find Lily and Robin?Emma
87%
Family BusinessWho do we discover was once a foster mother to Emma?The Snow Queen
80%
Rocky RoadA woman who has the same powers as Elsa runs what type of parlour?An ice cream parlour
79%
Heroes and VillainsWho forces Mr Gold over the town line?Belle
75%
Enter the DragonWho infiltrates the Queens of Darkness as a spy for the heroes?Regina
62%
UnforgivenRegina and Henry are continuing their search for who?The Author
55%
Operation Mongoose Part 1Who finds themselves completely alone in Storybrooke?Henry
54%
Smash the MirrorWho's powers are becoming out of control?Emma's
50%
FallWhich spell is approaching Storybrooke?The spell of shattered sight
50%
White OutWhat does Elsa accidentally trap herself and Emma in?An ice cave
42%
Poor Unfortunate SoulWhat is taken from Ursula in order for Hook to get his revenge on Rumplestiltskin?Her voice
41%
Best Laid PlansWho's child do Snow and Charming send to another world in order to ensure their child's goodness?Maleficent's
40%
Operation Mongoose Part 2Who is Hook killed by in the alternative world created by Isaac?Charming
34%
Shattered SightWho engages in an epic battle with Regina during the chaotic spell?Mary Margaret
34%
The Snow QueenHenry begins an after school job where?Gold's shop
28%
Darkness on the Edge of TownWho does Mr Gold recruit while in New York to help him get back into Storybrooke?Ursula and Cruella de Vil
23%
Heart of GoldWhat is Robin Hood sent to steal from the Wicked Witch in Oz?A magical elixir
20%
MotherWhat does Isaac need to re-write histroy?Magic ink
5%
Sympathy for the De VilWhere is a young Cruella living?1920s England
3%
Breaking GlassWho attempt to track down Will Scarlet?Mary Margaret and David
3%

Score Distribution

Percentile by Number Answered

Percent of People with Each Score

Your Score History

You have not taken this quiz